[Event "17th Asian Continental-ch Open 2018"]
[Site "Makati City"]
[Date "2018.12.13"]
[Round "4.8"]
[White "Vidit, Santosh Gujrathi"]
[Black "Megaranto, Susanto"]
[Result "1/2-1/2"]
[WhiteElo "2701"]
[BlackElo "2512"]
[Annotator "TA"]
[PlyCount "43"]
[EventDate "2018.12.07"]
[EventType "swiss"]
[EventRounds "9"]
[EventCountry "PHI"]

{[%evp 19,43,6,44,34,55,23,24,20,14,7,24,-63,68,-85,60,0,0,-37,-5,3,3,0,0,0,12,-16]} 1. e4 d5 2. exd5 Qxd5 3. Nc3 Qa5 4. Nf3 c6 5. d4 Bf5 6. Bc4 e6 7. Bd2 Nf6 8. Nd5 Qd8 9. Nxf6+ gxf6 10. Qe2 Nd7 {LiveBook: 16 Games. B01: Scandinavian Defence} (10... Bxc2 11. O-O Bg6 12. Rfe1 Qd7 13. Rad1 b5 14. Bb3 Na6 15. d5 cxd5 16. Bc3 Be4 17. Bxf6 Rg8 18. Ng5 {1-0 (26) Negi,P (2638)-Van Wely,L (2691) Leon 2012}) 11. O-O $146 ({Predecessor:} 11. O-O-O Be7 12. Nh4 Bg6 13. Rhe1 f5 14. d5 cxd5 15. Nxg6 hxg6 16. Bxd5 Qb6 17. Bf4 Bf6 18. Bb3 {½-½ (33) Zajic,M (2415)-Savic,M (2522) Paracin 2014}) 11... Bg6 12. Rae1 Qc7 {White has an edge.} 13. Nh4 {Bxe6! is the strong threat.} O-O-O 14. g3 Nb6 15. Ba5 (15. Bb3 $11) 15... Bh6 ({Black should play} 15... Rxd4 $15 16. Bb3 Rd7) 16. Rb1 $2 {[#]} (16. Bb3 $14) 16... Rd7 (16... Rxd4 $17 {Threatens to win with ...Re4.} 17. Bb3 Bg7) 17. Qf3 (17. Rbd1 $14) 17... Bg7 $11 18. Bb3 Rhd8 19. Nxg6 {The position is equal.} hxg6 20. c3 f5 21. h4 c5 22. dxc5 {Accuracy: White = 18%, Black = 30%.} 1/2-1/2

[Event "17th Asian Continental-ch Open 2018"]
[Site "Makati City"]
[Date "2018.12.13"]
[Round "4.9"]
[White "Xu, Yi"]
[Black "Adhiban, B.."]
[Result "1/2-1/2"]
[WhiteElo "2533"]
[BlackElo "2695"]
[Annotator "TA"]
[PlyCount "150"]
[EventDate "2018.12.07"]
[EventType "swiss"]
[EventRounds "9"]
[EventCountry "PHI"]

{[%evp 16,150,35,0,0,0,0,8,8,15,40,41,41,12,18,8,13,12,92,97,110,109,105,106,104,73,62,55,111,56,59,72,98,93,158,165,204,86,96,136,135,136,116,108,346,189,202,208,217,226,217,217,217,222,220,227,226,221,203,198,242,243,279,268,245,269,309,291,343,337,341,323,339,324,335,320,334,306,417,416,467,418,416,364,376,0,391,337,470,529,503,489,486,463,1468,1481,1088,994,766,0,0,0,0,0,0,0,0,8,8,8,8,8,8,8,8,8,8,8,8,8,8,8,8,8,8,8,8,8,8,0,0,0,8,8,8,8,75]} 1. e4 c6 2. d4 d5 3. e5 Bf5 4. Nf3 e6 5. Be2 Nd7 6. O-O h6 7. Nbd2 Ne7 {B12: Caro-Kann: Advance Variation} 8. c3 (8. Nb3 g5 9. Ne1 Qc7 10. f4 c5 11. Nxc5 Nxc5 12. dxc5 Qxc5+ 13. Kh1 d4 14. Nd3 Qc7 15. fxg5 {0-1 (32) Shirov,A (2636)-Nakamura,H (2763) Douglas 2018}) 8... Qc7 9. b4 {LiveBook: 8 Games} a5 10. Nb3 axb4 11. cxb4 Nc8 12. a3 $146 ({Predecessor:} 12. Bd2 Be7 13. a4 Ncb6 14. Na5 O-O 15. Ne1 {0-1 (43) Visser,H (2255)-Dvirnyy,D (2513) Porto Mannu 2018}) 12... b5 13. Ne1 {[%cal Bf3e1,Be1d3,Bd3c5][%mdl 32]} Ncb6 14. Bd3 Bxd3 15. Nxd3 g6 16. h4 {[%cal Bh2h4,Bh4h5][%mdl 32]} Be7 (16... h5 $1 $11) 17. h5 $1 $16 Nf8 18. Nbc5 Bxc5 19. Nxc5 ({But not} 19. bxc5 $6 Nc4 $14) 19... Na4 20. Nd3 Qe7 21. Be3 Kd7 (21... Qh4 $14) 22. Qc1 (22. Qc2 $16) 22... gxh5 23. Bxh6 Rg8 24. f4 Nh7 (24... Rg3 $142 25. Bg5 Qe8) 25. f5 Rg4 26. f6 (26. Ra2 $1 $18 {is more deadly.}) 26... Qe8 {[#]} 27. Nc5+ $1 Kc7 {[#]} 28. Nxa4 $1 Rxa4 29. Qc5 $36 {[%mdl 2048] Black is under strong pressure.} Qd7 $2 (29... Ng5 $16 {was necessary.}) 30. Rf3 (30. Rac1 $142) 30... Ng5 31. Bxg5 $1 Rxg5 32. Rc1 {And now Qxb5 would win.} Kb7 33. Rfc3 {Black must now prevent Qe7.} Ra6 34. Qe7 Qxe7 35. fxe7 $18 {[%mdl 4096] Endgame KRR-KRR} Rg8 36. Rf1 Re8 37. Rxf7 Kc7 38. Rh7 Kd7 39. Rxh5 Rxe7 40. Rh8 Rg7 41. Rf3 Ra7 42. Kf2 Kc7 43. Re8 Kb6 44. Rxe6 Rg4 45. Rd3 Rf4+ 46. Kg3 Rf1 47. Rg6 Raf7 48. Rc3 Rc7 49. Rg4 Ra7 50. Rg6 Rc7 51. Re3 Ra7 52. Kg4 Ra8 53. Kg5 Rd1 54. e6 {[%cal Be5e6,Be6e7][%mdl 32]} Rxd4 (54... Rf1 $142 55. e7 Re8) 55. e7 Re8 56. Kf6 Rf4+ 57. Ke5 $2 (57. Ke6 $18) 57... Re4+ $1 $11 {The position is equal.} 58. Rxe4 Rxe7+ 59. Kd6 Rxe4 {KR-KR} 60. Kd7 Rc4 61. g4 d4 62. Rd6 d3 63. g5 Rg4 64. Rxc6+ Kb7 {Strongly threatening ...Rd4+.} 65. Rd6 Rxg5 66. Rxd3 Kb6 67. Re3 Rh5 68. Kd6 Rg5 69. Re6 Rg3 70. Kd5+ Kb7 71. Kc5 Rxa3 72. Re7+ Ka6 73. Re6+ Kb7 74. Kxb5 {Hoping for Re7+.} Rg3 75. Rf6 Kb8 {Accuracy: White = 71%, Black = 55%.} (75... Rg1 $11 {keeps the balance.}) 1/2-1/2

[Event "17th Asian Continental-ch Open 2018"]
[Site "Makati City"]
[Date "2018.12.13"]
[Round "4.10"]
[White "Liu, Yan"]
[Black "Wen, Yang"]
[Result "1/2-1/2"]
[WhiteElo "2495"]
[BlackElo "2604"]
[Annotator "TA"]
[PlyCount "40"]
[EventDate "2018.12.07"]
[EventType "swiss"]
[EventRounds "9"]
[EventCountry "PHI"]

{[%evp 21,40,25,12,-5,6,0,0,0,0,0,0,0,12,11,16,12,14,8,19,22,22]} 1. Nf3 g6 2. d4 Nf6 3. g3 Bg7 4. Bg2 O-O 5. O-O d6 6. c4 Nc6 7. Nc3 e5 8. dxe5 dxe5 9. Bg5 Be6 10. Qa4 Qc8 {E62: King's Indian: Fianchetto: 6...c6 and Panno Variation (6...Nc6) without ...a6} 11. Bxf6 Bxf6 {LiveBook: 4 Games} 12. Nd5 {The position is equal.} (12. Rfd1 Bg7 13. Nd5 Kh8 14. e3 f5 15. Rac1 e4 16. Nd4 Nxd4 17. exd4 Rd8 18. f3 exf3 19. Bxf3 {0-1 (25) Mekhitarian,K (2546)-Le,Q (2715) Douglas 2018}) 12... Bg7 $146 ({Predecessor:} 12... Bd8 13. Rfd1 f6 14. Rac1 Ne7 15. Qa3 Rf7 16. Nd2 c6 17. Ne4 Nf5 18. e3 {½-½ (40) Farago,S (2410)-Schneider,A (2385) Budapest 1991}) 13. Qxc6 {[%mdl 64] [#] Remove Defender} bxc6 14. Ne7+ {[%mdl 64] Double Attack} Kh8 15. Nxc8 Raxc8 16. Rac1 e4 17. Ng5 Bf5 18. Bxe4 Bxe4 19. Nxe4 Rfe8 20. Nc3 Bxc3 1/2-1/2

[Event "17th Asian Continental-ch Open 2018"]
[Site "Makati City"]
[Date "2018.12.13"]
[Round "4.11"]
[White "Kunte, Abhijit"]
[Black "Tabatabaei, M.amin"]
[Result "1/2-1/2"]
[WhiteElo "2469"]
[BlackElo "2587"]
[Annotator "TA"]
[PlyCount "44"]
[EventDate "2018.12.07"]
[EventType "swiss"]
[EventRounds "9"]
[EventCountry "PHI"]

{[%evp 16,44,45,22,38,22,59,45,51,60,99,81,86,90,93,65,78,66,51,46,83,78,87,92,88,107,95,90,86,40,58]} 1. Nf3 f5 2. g3 Nf6 3. Bg2 g6 4. d4 Bg7 5. O-O O-O 6. c4 d6 7. Nc3 c6 8. Rb1 a5 9. a3 {[%cal Ba2a3,Ba3a4][%mdl 32] LiveBook: 19 Games. A88: Dutch Defence: Leningrad System: 5 Nf3 0-0 6 0-0 d6 7 Nc3 c6} (9. d5 e5 10. dxe6 Bxe6 11. b3 Qe7 12. Bf4 Rd8 13. Qd2 d5 14. cxd5 Nxd5 15. Nxd5 Bxd5 16. Bg5 Bf6 17. Bxf6 Qxf6 {0-1 (70) Sarana,A (2543)-Mamedyarov,S (2791) Sochi 2017}) 9... Qc7 10. c5 $146 ({Predecessor:} 10. b4 axb4 11. axb4 e5 12. dxe5 dxe5 13. c5 Qe7 14. e4 h6 15. Re1 fxe4 16. Nh4 Qf7 17. Nxe4 Nxe4 18. Bxe4 Qxf2+ {½-½ (42) Jedlicka,A (2198)-Miesbauer,J (2272) Czech Republic 2017}) 10... h6 11. cxd6 exd6 12. d5 c5 13. Nd2 Bd7 14. a4 c4 15. Nf3 Na6 {[%cal Bb8a6,Ba6c5,Bc5e4][%mdl 32] [#]} 16. Nd4 $1 Nc5 17. Bf4 Nce4 18. Ndb5 Bxb5 19. Nxb5 Qc5 20. Bxe4 Nxe4 21. Be3 Qb4 22. Qc2 Rac8 {Accuracy: White = 73%, Black = 41%.} 1/2-1/2

[Event "17th Asian Continental-ch Open 2018"]
[Site "Makati City"]
[Date "2018.12.13"]
[Round "4.12"]
[White "Wang, Hao"]
[Black "Nava, Roderick"]
[Result "1-0"]
[WhiteElo "2730"]
[BlackElo "2392"]
[Annotator "TA"]
[PlyCount "97"]
[EventDate "2018.12.07"]
[EventType "swiss"]
[EventRounds "9"]
[EventCountry "PHI"]

{[%evp 22,97,66,56,83,74,97,74,72,51,39,48,50,40,46,10,24,20,41,43,39,7,21,22,32,30,33,0,39,43,62,62,86,52,52,50,36,36,36,37,68,61,69,32,127,115,119,114,186,177,172,179,316,114,223,190,195,85,179,180,169,166,157,141,161,173,154,115,128,144,218,203,242,246,418,399,448,441]} 1. e4 c5 2. Nf3 g6 3. c3 Bg7 4. d4 cxd4 5. cxd4 d5 6. e5 Nc6 7. h3 Nh6 8. Nc3 O-O 9. Bb5 f6 10. O-O Nf7 {B22: Sicilian: 2 c3} 11. exf6 Bxf6 (11... exf6 12. Re1 g5 13. b3 Qa5 14. Bd2 g4 15. hxg4 Bxg4 16. Be2 Rad8 17. Nh4 Bxe2 18. Nxe2 Qc7 19. Nf4 Ng5 20. Nf5 Qd7 21. Qg4 Nxd4 22. Ne7+ Kh8 23. Qh5 {1-0 (23) Stefansson,H (2530)-Manik,M (2407) Pardubice 2017}) 12. Re1 {LiveBook: 3 Games} Qd6 {White is slightly better.} 13. Be3 a6 14. Bf1 b5 15. Qd2 $146 ({Predecessor:} 15. Rc1 Bb7 16. Qd2 Rad8 17. a4 b4 18. Ne2 {0-1 (50) Tworzydlo,P (2137)-Dubinski,M (2217) Poland 2015}) 15... e6 16. g3 Qd8 17. Rac1 Bd7 18. b3 Rc8 19. Bg2 Nd6 20. Bh6 Re8 21. g4 b4 22. Na4 Ne4 23. Qd3 a5 24. Be3 Qc7 25. Nd2 Nxd2 26. Qxd2 Qd8 27. Rc2 Na7 {[%cal Bc6a7,Ba7b5,Bb5c3][%mdl 32]} 28. Rxc8 Qxc8 29. Nc5 Nb5 30. Bf1 Nc3 31. Bf4 {[%cal Be3f4,Bf4e5,Be5d6][%mdl 32]} Bb5 32. Bg2 Bc6 (32... e5 $1 $14 33. dxe5 Qxc5) 33. Be5 $16 Be7 34. a4 Bf8 (34... Rf8 $16) 35. Qf4 Be7 36. Bd6 Bd8 {[#]} (36... e5 $142 37. Bxe5 Rf8) 37. Qe5 $2 (37. Bf1 $1 $18) 37... Bd7 (37... Bh4 $16 38. Bc7 (38. Nxe6 Qd7 $15) 38... Rf8 39. Qxe6+ (39. Nxe6 Rf7 $14) 39... Qxe6 40. Rxe6 Bxf2+ 41. Kh2 Be8) 38. Re3 Qc6 39. Kh1 (39. f4 $18 {has better winning chances.}) 39... Bf6 (39... Bc8 $16) 40. Qxf6 $40 {[%mdl 128] Threatening mate with Be5. Black is in trouble.} Qxd6 41. Rf3 {[#] And now Qf7+ would win.} Qe7 42. Qe5 Ne4 43. Nxe4 dxe4 44. Re3 Rf8 45. Kg1 ({Don't take} 45. Bxe4 $6 Rxf2 46. Rf3 (46. Qxa5 Qf6 $11) 46... Rxf3 $14) 45... Qf6 (45... Qf7 $16 46. Re2 Bc6) 46. Qxf6 Rxf6 47. Rxe4 Kf8 $2 (47... Bc6 {was worth a try.}) 48. Re5 Rf4 49. Be4 {Accuracy: White = 52%, Black = 36%.} 1-0

[Event "17th Asian Continental-ch Open 2018"]
[Site "Makati City"]
[Date "2018.12.13"]
[Round "4.13"]
[White "Yakubboev, Nodirbek"]
[Black "Pascua, Haridas"]
[Result "1-0"]
[WhiteElo "2556"]
[BlackElo "2442"]
[Annotator "TA"]
[PlyCount "69"]
[EventDate "2018.12.07"]
[EventType "swiss"]
[EventRounds "9"]
[EventCountry "PHI"]

{[%evp 23,69,45,70,42,43,19,45,22,43,44,43,43,44,10,4,0,0,-18,-12,-24,-14,-15,0,0,0,0,0,0,0,0,0,0,0,0,136,0,198,216,227,232,490,291,1883,1827,2261,2242,5297,5281]} 1. d4 Nf6 2. c4 g6 3. g3 Bg7 4. Bg2 O-O 5. Nc3 d6 6. Nf3 Nc6 7. O-O a6 8. b3 Rb8 9. d5 Na5 {E63: King's Indian: Fianchetto: Panno Variation with 7...a6} 10. Bg5 c5 11. dxc6 Nxc6 12. Rc1 Bd7 {LiveBook: 3 Games} 13. Ne1 $146 ({Predecessor:} 13. e4 b5 14. cxb5 axb5 15. Qe2 h6 16. Bd2 b4 17. Nd5 {0-1 (59) Matlakov,M (2704)-Iljiushenok,I (2516) Sochi 2018}) 13... h6 14. Bf4 g5 15. Bd2 Ne5 16. Nd3 Nxd3 17. exd3 Bf5 18. d4 b5 19. cxb5 axb5 20. a4 bxa4 21. bxa4 d5 22. Re1 Rb2 23. Nb5 {Threatens to win with Bc3.} Ne4 24. Bxe4 dxe4 ({But not} 24... Bxe4 $6 25. Bc3 $16) 25. Bc3 $36 {[%mdl 2048] White has some pressure.} Ra2 26. d5 Qb6 27. Bd4 Bxd4 28. Qxd4 Qa5 (28... Qxd4 $11 {keeps the balance.} 29. Nxd4 e6) 29. Qe5 (29. Nc3 $16 Ra3 30. Qe5 (30. Nxe4 Rxa4 31. Qe5 Bxe4 $11)) 29... Bh3 $2 (29... Rxa4 $11 {and Black has nothing to worry.} 30. Nd4 Bg4) 30. Nc3 $18 ({Worse is} 30. Qxe4 Rxa4 31. Qd3 Rb8 $11) (30. Qxe7 Rxf2 $1 {[%mdl 512]} 31. Kxf2 Qd2+ 32. Re2 Qxc1 $17) 30... Rd2 31. Qxe7 f5 $2 (31... Qd8 {was worth a try.} 32. Qxe4 Qb6) 32. Rb1 (32. Qe6+ $142 Kh7 {[#]} 33. Nxe4 $1 {[%mdl 512]} fxe4 34. Qe7+ (34. Qxh3 Qa7 $11) 34... Kg8 35. Rc6) 32... Rb2 $2 (32... Qa6 33. a5 Qf6 34. Qxf6 Rxf6) 33. Qe6+ {White is clearly winning.} Rf7 34. Rxb2 {Qg6+ would kill now.} Qxc3 35. Qg6+ {Precision: White = 62%, Black = 33%.} 1-0

[Event "17th Asian Continental-ch Open 2018"]
[Site "Makati City"]
[Date "2018.12.13"]
[Round "4.14"]
[White "Puranik, Abhimanyu"]
[Black "Chen, Qi b"]
[Result "1/2-1/2"]
[WhiteElo "2544"]
[BlackElo "2437"]
[Annotator "TA"]
[PlyCount "82"]
[EventDate "2018.12.07"]
[EventType "swiss"]
[EventRounds "9"]
[EventCountry "PHI"]

{[%evp 19,82,0,0,0,14,14,14,11,18,11,21,10,13,10,21,21,21,21,21,21,21,21,38,36,31,31,29,27,31,8,8,8,17,8,17,0,0,0,0,0,0,0,0,0,0,0,0,0,0,0,0,0,0,-7,0,0,39,0,46,-27,-29,-29,-33,-58,-67]} 1. e4 e5 2. Nf3 Nc6 3. Bb5 Nf6 4. d3 Bc5 5. Bxc6 dxc6 6. Nbd2 {C65: Ruy Lopez: Berlin Defence (3...Nf6), unusual lines and 4 0-0 Bc5} Be6 7. O-O Nd7 8. Nb3 Bb6 9. Ng5 Bxb3 10. axb3 f6 {LiveBook: 24 Games} 11. Nf3 {[%cal Bg5f3,Bf3d2,Bd2c4][%mdl 32]} Nc5 (11... Nf8 12. Nd2 Qd7 13. Nc4 Ne6 {½-½ (54) Saric,I (2689)-Caruana,F (2827) Batumi 2018}) 12. Nd2 O-O 13. Nc4 Ne6 14. g3 Qd7 15. Kg2 {[#]} Rad8 $146 16. h4 {[%cal Bh2h4,Bh4h5][%mdl 32]} Bc5 17. Be3 Bxe3 18. Nxe3 a6 19. h5 Ng5 20. Rh1 Nf7 21. Rh4 Nh6 22. Ra4 Qe6 23. Qe2 Rd7 24. Ra1 Rdf7 25. Rf1 a5 26. Nc4 b6 27. f4 exf4 28. gxf4 f5 29. e5 Rd7 30. Ne3 Nf7 {[%cal Bh6f7,Bf7d8,Bd8e6,Be6g7,Bg7h5][%mdl 32]} 31. Rh3 Nd8 32. Rg3 Qh6 33. Kh1 Ne6 34. Qh2 Rd4 35. Rgf3 c5 36. Nd1 g6 37. Nc3 Ng7 ({But not} 37... Qxh5 $2 38. Rh3 $18) 38. Ne2 Rd7 39. Rg1 (39. hxg6 $14 Qxh2+ 40. Kxh2) 39... Nxh5 $11 40. Rh3 {[#] Strongly threatening Rxh5.} Kh8 41. Rg5 Rg8 {Accuracy: White = 61%, Black = 80%.} 1/2-1/2

[Event "17th Asian Continental-ch Open 2018"]
[Site "Makati City"]
[Date "2018.12.13"]
[Round "4.15"]
[White "Tan, Zhongyi"]
[Black "Antonio, Rogelio Jr"]
[Result "1-0"]
[WhiteElo "2508"]
[BlackElo "2431"]
[Annotator "TA"]
[PlyCount "44"]
[EventDate "2018.12.07"]
[EventType "swiss"]
[EventRounds "9"]
[EventCountry "PHI"]

{[%evp 16,44,39,15,33,38,66,47,46,44,86,42,125,65,65,65,95,44,73,52,76,-54,61,16,31,-186,58,43,49,-43,79]} 1. e4 c6 2. d4 d5 3. e5 Bf5 4. Nf3 e6 5. Be2 Nd7 6. O-O h6 7. Nbd2 Ne7 {B12: Caro-Kann: Advance Variation} 8. a4 (8. Nb3 g5 9. Ne1 Qc7 10. f4 c5 11. Nxc5 Nxc5 12. dxc5 Qxc5+ 13. Kh1 d4 14. Nd3 Qc7 15. fxg5 {0-1 (32) Shirov,A (2636)-Nakamura,H (2763) Douglas 2018}) 8... Qc7 9. Nb3 {LiveBook: 52 Games} Nc8 {The position is equal.} 10. a5 a6 11. c4 $146 ({Predecessor:} 11. Be3 Be7 12. Rc1 O-O 13. c4 dxc4 14. Bxc4 Na7 15. Ne1 {1-0 (24) Tokhirjonova,G (2328)-Ivanova,K (2129) Bhubaneswar 2016}) 11... dxc4 12. Bxc4 Na7 13. Qe2 Nb5 {[#]} (13... Be7 $14) 14. Bd2 (14. Nh4 $1 $16) 14... Be7 15. Rac1 Qd8 16. Ne1 ({White should try} 16. Bxb5 $16 {Threatens to win with Bd3.} axb5 {[#]} 17. d5 $1 {[%mdl 512]}) 16... h5 17. Nd3 Nf8 18. Nbc5 (18. Bxb5 $16 axb5 19. Ndc5) 18... Rb8 (18... Nxd4 $15 19. Qe3 Bxd3 20. Nxd3 Nf5) 19. Rfd1 (19. Bxb5 $5 cxb5 20. Qe3 $14) 19... Ng6 20. Ne4 $2 (20. Qe3 $14) 20... Bg4 $2 ({Worse is} 20... Nxd4 21. Qe3 $11) (20... Qxd4 $19 21. Re1 Rd8) 21. f3 $14 Bf5 $1 22. g3 (22. Bxb5 $1 $14 cxb5 23. Qe3) 22... Nc7 {Accuracy: White = 22%, Black =  5%.} (22... Bxe4 $1 $15 {keeps the upper hand.} 23. Qxe4 Qxd4+ 24. Qxd4 Nxd4) 1-0

[Event "17th Asian Continental-ch Open 2018"]
[Site "Makati City"]
[Date "2018.12.13"]
[Round "4.16"]
[White "Garcia, Jan Emmanuel"]
[Black "Gagare, Shardul"]
[Result "0-1"]
[WhiteElo "2429"]
[BlackElo "2504"]
[Annotator "TA"]
[PlyCount "116"]
[EventDate "2018.12.07"]
[EventType "swiss"]
[EventRounds "9"]
[EventCountry "PHI"]

{[%evp 11,116,0,27,2,20,15,19,19,24,4,20,26,25,23,31,23,79,73,86,64,64,59,72,73,43,43,37,47,38,35,70,69,52,0,12,12,15,0,14,15,27,21,41,32,33,23,36,27,40,25,31,0,0,0,0,0,0,0,49,49,49,37,45,40,60,53,144,-406,-390,-425,-422,-464,-435,-501,-502,-702,-695,-670,-657,-634,-582,-565,-441,-1312,-963,-1534,-1259,-1778,-1844,-1710,-1484,-1276,-1047,-4401,-2818,-2514,-2083,-29974,-29974,-29966,-6091,-29981,-29982,-29986,-29987,-29988,-29987]} 1. Nf3 d5 2. g3 Nf6 3. Bg2 Bf5 4. O-O e6 5. d3 c6 6. c4 Be7 {LiveBook: 157 Games} 7. Nh4 {A11: English Opening: 1...c6} (7. Qb3 Qb6 8. Nc3 Nbd7 9. cxd5 Qxb3 10. axb3 exd5 11. e4 dxe4 12. dxe4 Bg6 13. e5 Ne4 14. Nd4 Bc5 {0-1 (63) Karthikeyan,M (2604)-Xu,Y (2533) Bhubaneswar 2018}) 7... Bg4 8. h3 Bh5 9. g4 {The position is equal.} Bg6 10. cxd5 $146 ({Predecessor:} 10. Qb3 Qb6 11. Qxb6 axb6 12. Nxg6 hxg6 13. cxd5 Nxd5 14. Nc3 Nd7 {½-½ (74) Vunder,Y (2171)-Timofeev,A (2320) St Petersburg 2002}) 10... Nxd5 11. Nxg6 hxg6 12. e4 Nc7 13. d4 g5 (13... O-O $11) 14. Nc3 $16 Nd7 15. Be3 e5 16. d5 Bc5 17. Bxc5 Nxc5 18. Qc2 Nd7 19. Rfd1 c5 20. a3 Kf8 21. Na4 b6 22. Qe2 ({Better is} 22. b4 $14) 22... Ne8 {[%cal Bc7e8,Be8d6,Bd6b5,Bb5d4][%mdl 32]} 23. b4 Nd6 24. bxc5 bxc5 25. Rdc1 Qa5 26. Nb2 Nb5 27. Nc4 Nd4 28. Qe3 ({Not} 28. Nxa5 Nxe2+ 29. Kh2 Nxc1 $17) 28... Qc7 29. Rab1 f6 30. Bf1 Rb8 31. Qc3 Kf7 32. Qa5 (32. Kh2 {feels hotter.} Rxb1 33. Rxb1 Rb8 34. Rxb8 Qxb8 35. Qa5) 32... Qxa5 33. Nxa5 Rxb1 34. Rxb1 {And now Rb7 would win.} Rb8 (34... Nb6 {seems wilder.} 35. Kg2 Rc8 36. Rc1 Ke7 37. Ba6 Rc7) 35. Rxb8 Nxb8 $14 {[%mdl 4096] Endgame KBN-KNN} 36. Nb7 Nd7 37. Kg2 Ke7 38. Bd3 Nb3 (38... Nf8 $14) 39. Bc2 $2 {[%mdl 8192] [#]} (39. d6+ $16 {is forced if you want to stay better.} Kf8 40. Bb5) 39... c4 $19 {[%cal Bc5c4,Bc4c3,Bc3c2][%mdl 32]} 40. Kf1 Nd4 41. Ba4 Nb6 42. Bc6 c3 43. Ke1 c2 {[%cal Rc2c1]} 44. Kd2 Nc4+ {[%mdl 64] [#] Double Attack} 45. Kc1 Nxa3 {( -> ...Ne2+)} 46. d6+ Ke6 (46... Kf8 $2 47. d7 $19) 47. d7 (47. Bd5+ $142 Kd7 48. Kb2) 47... Nxc6 48. d8=Q Nxd8 49. Nxd8+ {KN-KN} Kd7 50. Nb7 Kc6 51. Na5+ Kb5 52. Nb3 Kb4 53. Kb2 Nb5 54. Kxc2 Nd4+ 55. Nxd4 exd4 56. f4 gxf4 {[%cal Bg5f4,Bf4f3][%mdl 32] Black mates.} 57. e5 fxe5 58. h4 f3 {Accuracy: White = 42%, Black = 65%.} 0-1

[Event "17th Asian Continental-ch Open 2018"]
[Site "Makati City"]
[Date "2018.12.13"]
[Round "4.17"]
[White "Bilguun, Sumiya"]
[Black "De Guzman, Ricardo"]
[Result "0-1"]
[WhiteElo "2497"]
[BlackElo "2357"]
[PlyCount "141"]
[EventDate "2018.12.07"]
[EventType "swiss"]
[EventRounds "9"]
[EventCountry "PHI"]
[TimeControl "40/5400+30:1800+30"]

1. e4 e5 2. Nf3 Nc6 3. Bc4 Be7 4. O-O Nf6 5. d3 d6 6. a4 O-O 7. Re1 h6 8. a5 a6 9. h3 Be6 10. Nbd2 Qd7 11. Nf1 Nh7 12. Ne3 Ng5 13. b3 Nxf3+ 14. Qxf3 Nd4 15. Qd1 Bg5 16. c3 Nb5 17. Bb2 c6 18. Bxe6 fxe6 19. Ng4 Qf7 20. Rf1 Qg6 21. Kh1 Rf7 22. Qe2 h5 23. Nh2 c5 24. Rad1 Raf8 25. d4 exd4 26. cxd4 cxd4 27. Bxd4 Rf4 28. Be3 Nc3 29. Qc2 Nxd1 30. Bxf4 Nxf2+ 31. Rxf2 Bxf4 32. Nf1 Rf7 33. Rf3 Be5 34. Nd2 Bf4 35. Qc8+ Rf8 36. Qc3 h4 37. Qd3 Rf7 38. Nc4 Qg5 39. Qf1 Rf6 40. Qe2 Bg3 41. Rxf6 Qxf6 42. Qd1 Qf4 43. Nd2 Qe3 44. Nc4 Qg5 45. Qc2 g6 46. Nd2 Qxa5 47. Qc8+ Kg7 48. Qxb7+ Kh6 49. Nf1 Qa1 50. Qf7 Be5 51. Qf8+ Kg5 52. Qf3 Qe1 53. Qg4+ Kf6 54. Qf3+ Ke7 55. Qd3 a5 56. Kg1 Kf6 57. Qf3+ Kg7 58. Qd3 Kh7 59. Kh1 Qf2 60. Nd2 Qe1+ 61. Nf1 Kg7 62. Kg1 g5 63. Qd2 Qxe4 64. Qxg5+ Kf7 65. Qd2 Qd4+ 66. Qf2+ Ke8 67. Ne3 Bg3 68. Qf3 Bf4 69. Qc6+ Kd8 70. Qa8+ Ke7 71. Qa7+ 0-1